| 000 | 00738nam a2200229 i 4500 | ||
|---|---|---|---|
| 001 | 73495 | ||
| 003 | ES-MaACL | ||
| 005 | 20240421063018.0 | ||
| 007 | t| | ||
| 008 | 040908s1977 sp ||||1| spa d | ||
| 020 | _a84-7232-146-0 | ||
| 080 | _a860-14"19" | ||
| 100 | 0 |
_aGómez Gil, Alfredo, _d1936- _957969 |
|
| 245 | 1 | 4 |
_aLas vibraciones del silencio / _cAlfredo Gómez Gil ; introducción por Inman Fox ; [traducción de Carmita Marqués y Carolyn Schinzel]. |
| 260 |
_aMadrid : _bCultura Hispánica, _c1977. |
||
| 300 |
_a231 p. ; _c18 cm. |
||
| 700 | 1 |
_aFox, E. Inman. _952020 |
|
| 700 | 1 |
_aMarqués, Carmita. _976978 |
|
| 700 | 1 |
_aSchinzel, Carolyn. _9104380 |
|
| 852 |
_aES-MaACL _jA-8785 |
||
| 999 |
_c73495 _d73495 |
||